Normal view
MARC view
Entry Personal Name
001 - CONTROL NUMBER
- control field: 28967
003 - CONTROL NUMBER IDENTIFIER
- control field: dpl
005 - DATE AND TIME OF LATEST TRANSACTION
- control field: 20110629102504.0
008 - FIXED-LENGTH DATA ELEMENTS
- fixed length control field: 110629|||a|||||| | ||| d
040 ## - CATALOGING SOURCE
- Original cataloging agency: dpl
- Transcribing agency: dpl
100 ## - HEADING--PERSONAL NAME
- Personal name: Raman Shivkumar
670 ## - SOURCE DATA FOUND
- Source citation: Work cat.: (dpl): Raman Shivkumar, Energy,environement,ecolgy and society /, 2010
670 ## - SOURCE DATA FOUND
- Source citation: Work cat.: (dpl): Raman Shivkumar, Energy,environement,ecolgy and society /, 2010
